| 000 | 00369nam a22001337a 4500 | ||
|---|---|---|---|
| 005 | 20250625130427.0 | ||
| 008 | 250625b |||||||| |||| 00| 0 eng d | ||
| 050 |
_aBS658 _bC64 COH |
||
| 100 | _aCOHN NORMAN | ||
| 245 |
_aNOAH'S FLOOD; _bTHE GENESIS STORY IN WESTERN THOUGHT |
||
| 260 |
_aLONDON _bYALE UNIVERSITY PRESS _cc1996 |
||
| 300 | _axiii, 154p | ||
| 942 |
_2lcc _cBK _n0 |
||
| 999 |
_c6683 _d6683 |
||